000 00755nam a2200205Ia 4500
001 16665
003 GE_BSU
008 181216s||||||||xx |||||||||||||| ||und||
040 _cGE_BSU
080 _a821.353.1-1 + 821.353.1-144 + 821.353.1-11
100 _aმარგიანი, რევაზ (1916-1984)
245 _aრჩეული : ლექსები, ბალადები, პოემები
245 _cრედ.თ.დაუშვილი. მხ.დ.დუნდუა
260 _aთბილისი
260 _bსაბჭ. საქართველო
260 _c1982
300 _a509გვ. ; 22სმ
653 _aლექსები, ბალადები, პოემები
942 _cBK
999 _c49730
_d49730